[Event "Borisoglebsk Summer op"]
[Site "Borisoglebsk"]
[Date "2013.06.30"]
[Round "5"]
[White "Pavlovsky, Victor"]
[Black "Timofeev, Vladimir Yu"]
[Result "1-0"]
[WhiteElo "1795"]
[BlackElo "1859"]
[PlyCount "53"]
[EventDate "2013.06.28"]
[EventType "swiss"]
[EventRounds "7"]
[EventCountry "RUS"]
[SourceTitle "EXT 2014"]
[Source "ChessBase"]
[SourceDate "2013.11.20"]
[SourceVersion "1"]
[SourceVersionDate "2013.11.20"]
[SourceQuality "1"]

1. e4 d5 2. exd5 Qxd5 3. Nc3 Qe6+ 4. Qe2 Qxe2+ 5. Bxe2 e6 6. Nf3 Bb4 7. Nb5 Bd6 8. Nxd6+ cxd6 9. d4 Bd7 10. 0-0 Nf6 11. c3 0-0 12. Bd3 g6 13. h3 Bc6 14. Bg5 Bxf3 15. Bxf6 Bc6 16. Be7 Re8 17. Bxd6 Nd7 18. Rfe1 Nb6 19. f3 Na4 20. Re2 Rad8 21. Be5 Rd5 22. c4 Ra5 23. b4 Nc3 24. Rc2 Ra3 25. b5 Bd7 26. Bd6 Rd8 27. Bxa3 1-0